000 002940000a22001330004500
041 0 _aENG
082 0 4 _aG 813.52 R6431a
100 1 _aRoberts, Kenneth
245 1 0 _aArundel / Kenneth Roberts
260 _aGarden City, N.Y., USA : Doubleday
300 _a486 Pag
001 10858
942 _cBK
999 _c40283
_d40283